000 00416nam a2200157 i 4500
001 49371
003 ES-MaACL
005 20230906161935.0
007 t|
008 030715s1929 sp ||||1| spa d
100 1 _aCortina, Augusto.
_940938
245 1 0 _aRodrigo Cota /
_cpor Augusto Cortina.
260 _aMadrid :
_b[s.n.],
_c1929 (
_fImp. Municipal)
300 _a18 p. ;
_c24 cm.
852 _aES-MaACL
_j1738-F-16
999 _c49371
_d49371